Другото лице на възрожденската литература (Запис номер 65287)
[ съкратено ]
| 000 -Лидер | |
|---|---|
| Контролно поле с фиксирана дължина | 01666nam a2200373 c 4500 |
| 003 - Код на организацията, давaща контролен номер | |
| Контролно поле | BLK |
| 005 - Дата и час на последна редакция | |
| Контролно поле | 20190329111414.0 |
| 008 - Елементи от данни с фиксирана дължина | |
| fixed length control field | 180408b bul|||||r ||||||| ||bul|| |
| 010 ## - Наследен системен номер | |
| LC control number | KNG00069563000 |
| 020 ## - Международен стандартен номер на книга ISBN | |
| Международен стандартен номер на книга ISBN | 954-427-711-0 |
| -- | издат.: Абагар |
| 040 ## - Източник на каталожния запис | |
| Идентификатор на билиотеката - собственик на записа | BLK |
| 041 ## - Код за език | |
| Код за езика на текст/звукозапис или на отделно заглавие | Български |
| Код за езика КДБФ | Български |
| 080 ## - УДК | |
| Текстов определител УДК | Български език |
| УДК код - определител по УДК | 811.163.2 |
| УДК определител | -313(038.1) |
| УДК - код + определител | 811.163.2-313(038.1) |
| 080 ## - УДК | |
| Текстов определител УДК | Теория на литературата. Литературна техника |
| УДК код - определител по УДК | 82.01/.09 |
| УДК определител | (497.2)(091)(038.1) |
| УДК - код + определител | 82.01/.09(497.2)(091)(038.1) |
| 080 ## - УДК | |
| Текстов определител УДК | Българска литература |
| УДК код - определител по УДК | 821.163.2 |
| УДК определител | (091) |
| УДК - код + определител | 821.163.2(091) |
| 100 1# - Редна дума - Автор | |
| Автор | Радев, Иван Николов |
| Авторска отговорност | първи автор |
| R(LIN) | 363332 |
| 139 ## - Редно поле | |
| Редна дума | Радев, Иван Николов |
| Авторски знак | Рад - Р 12 |
| 245 10 - Сведения за заглавието | |
| Заглавие | Другото лице на възрожденската литература |
| Подзаглавни данни | Речник на псевдонимите ; Животът на термините ; Погребаните книги |
| Редно поле (дума) | Иван Николов Радев. |
| 257 ## - Страна на издаване | |
| Страна на създаване/издаване | България |
| 260 ## - Област на издателските данни | |
| -- | В. Търново |
| Име на издателя, разпространителя и проч. | Абагар |
| Година на издаване | 2006 |
| 300 ## - Физическа характеристика | |
| Страници | 360 с. |
| Размери/Мащаб | 22 см |
| 380 ## - Жанр | |
| Жанр | Езикознание. Филология |
| 500 ## - Общи забележки | |
| Забележка | Показалци |
| 650 #4 - Допълнително описание по предмет – тема | |
| Основно описание – тема или топоним | Българска литература, възрожденска - справочници |
| 9 (RLIN) | 249625 |
| 650 #4 - Допълнително описание по предмет – тема | |
| Основно описание – тема или топоним | Книга - България - история |
| 9 (RLIN) | 249626 |
| 653 ## - Ключова дума – ненормативна | |
| Ключова дума | възрожденска литература |
| 653 ## - Ключова дума – ненормативна | |
| Ключова дума | псевдоними |
| 653 ## - Ключова дума – ненормативна | |
| Ключова дума | литературни термини |
| 852 ## - Местоположение | |
| Форматна сигнатура | Цб 230123 |
| 856 4# - Електронен адрес и достъп | |
| Електронен формат | pdf - файл |
| Път до файла /url/ | |
| 856 4# - Електронен адрес и достъп | |
| Електронен формат | pdf - файл |
| Път до файла /url/ | |
| 942 ## - АРТИКУЛИ | |
| Вид на библиотечния материал | Книги |
| Скрит в OPAC | Не |
| Koha issues (borrowed), all copies | 1 |
| 944 ## - СЪЗДАВАНЕ И РЕДАКЦИЯ на ЗАПИСА | |
| Създаване/Редакция | Създаване |
| Дата на регистрацията/редакция | 21.11.2006 |
| Служител, извършил регистрацията/редакцията | Пенка_Димитрова |
| 944 ## - СЪЗДАВАНЕ И РЕДАКЦИЯ на ЗАПИСА | |
| Създаване/Редакция | Редакция |
| Дата на регистрацията/редакция | 06.08.2007 |
| Служител, извършил регистрацията/редакцията | |
| 999 ## - СИСТЕМНИ КОНТРОЛНИ НОМЕРА | |
| Koha biblionumber | 65287 |
| Koha biblioitemnumber | 65287 |
| Код за отписване | Код за изгубен артикул | Източник на класификационната схема | Код за повреда | Коз за рестрикции | Код за отдаване | Артикулен № | Име на библиотеката - собственик | Име на библиотеката, в която се намира в момента | Статус (Текущо местоположение) | Дата на вписване в системата | Местоположение - отдел | Цена в лева | Инвентарен номер | Систематично азбучна сигнатура | Баркод | Номер на екземпляра | Цена в евро | Служебна бележка | Служебен тип на артикула |
|---|---|---|---|---|---|---|---|---|---|---|---|---|---|---|---|---|---|---|---|
| Не е изгубен | Universal Decimal Classification | Не е повреден | само за читалня | ползва се в читалня | 107643 | Регионална библиотека "Любен Каравелов" Русе | Регионална библиотека "Любен Каравелов" Русе | СБИД | 2006-11-21 | СБИД | 12.00 | 120000706824 | С 811/Р 12 | 120000706824 | 1 | 6.14 | Дост: Pk Вид: Ф N: 45911 Дата: 16.11.2006 Дата инв: 07.06.2017 Бележки инв: С2017 | Книги | |
| Не е изгубен | Universal Decimal Classification | Не е повреден | без рестрикции | ползва се в читалня | 107644 | Регионална библиотека "Любен Каравелов" Русе | Регионална библиотека "Любен Каравелов" Русе | Читалня - справочен фонд | 2006-11-28 | Читалня | 12.00 | 120000706999 | СЧ 808.67/Р12 | 120000706999 | 2 | 6.14 | Дост: Pk Вид: Ф N: 45946 Дата: 27.11.2006 Дата инв: 27.03.2017 Бележки инв: СЧ2017 | Книги | |
| Не е изгубен | Не е повреден | без рестрикции | ползва се в читалня | 107645 | Регионална библиотека "Любен Каравелов" Русе | Регионална библиотека "Любен Каравелов" Русе | Хранилище | 2007-08-06 | Хранилище | 12.00 | 120000716143 | Цб 230123 | 120000716143 | 3 | 6.14 | Дост: Dp Вид: Д N: 11 Дата: 22.02.2007 | Книги |